000 00774nas a22002177a 4500
005 20260528163719.0
008 260528b19691980porb||p|||||| 00| z por d
040 _cBR-ViAPE
245 _aRevista da Cidade
260 _aAlegre
_c1969-1980
300 _av.
_bil.
310 _aQuinzenal
362 _aAno 2, n. 15 (ago. 1969) - ano 13, n. Especial (ago. 1980).
500 _aDisponibilizada apenas a imagem da capa na versão digital, em virtude de restrições de direitos autorais.
500 _aColeção incompleta: disponíveis apenas alguns números do periódico.
650 _aNotícia
_xSociedade
_xLiteratura
_zEspírito Santo
651 _aEspírito Santo (Brasil)
_vPeriódico
700 _aMoreira, Evandro
_eDiretor
942 _2ddc
_cPER
_n1
999 _c729
_d729